| 000 | 00591nam a2200145 4500 | ||
|---|---|---|---|
| 245 |
_aTattvacintamani of Gangesopadhyaya with prakasa of rucidattamisra and Nyayasikhamani on prakasa of Ramakrsnadhvarin _cby Gangesopadhyaya ; critically edited by N. S. Ramanuja Tatacharya |
||
| 100 | _a Gangesopadhyaya | ||
| 710 | _aTatacharya, N. S. Ramanuja | ||
| 260 |
_aTirupati _bKendriya Sanskrit Vidyapeetha _c1973 |
||
| 300 | _av.; 24cm. | ||
| 490 | _aKendriya Sanskrit Vidyapeetha series; no. 20 | ||
| 500 | _aLibrary has v. 1 only | ||
| 500 | _av.1: Pratyaksakhanda | ||
| 082 |
_a181.43 _bGan-R |
||
| 999 |
_c16602 _d16602 |
||